[Event "BL 0708 SF Katernberg - SG Turm Trier"]
[Site "?"]
[Date "2008.04.06"]
[Round "13.4"]
[White "Seel, Christian"]
[Black "Kolbus, Dietmar"]
[Result "1/2-1/2"]
[WhiteElo "2495"]
[BlackElo "2386"]
[PlyCount "157"]
[EventDate "2008.??.??"]

1. Nf3 d5 2. d4 c6 3. c4 Nf6 4. e3 Bg4 5. Nc3 e6 6. h3 Bh5 7. g4 Bg6 8. Ne5
Nfd7 9. Nxg6 hxg6 10. Bd2 Be7 11. Qb3 Qb6 12. Qc2 Nf6 13. g5 Ng8 14. f4 Bb4 15.
cxd5 Bxc3 16. bxc3 cxd5 17. Rb1 Qc7 18. Qb3 b6 19. c4 dxc4 20. Bxc4 Qb7 21. Kf2
Ne7 22. Be2 Nbc6 23. Bf3 Qd7 24. Rbc1 Rc8 25. h4 Nf5 26. Qa4 Nd8 27. Qxd7+ Kxd7
28. Rxc8 Kxc8 29. h5 gxh5 30. Rxh5 Rxh5 31. Bxh5 Nd6 32. Bf3 f5 33. d5 g6 34.
Bb4 Kd7 35. dxe6+ Nxe6 36. Bd5 Nb5 37. Bc4 Nd6 38. Bd5 Nb5 39. Bc4 Nd6 40. Bb3
a5 41. Bxd6 Kxd6 42. Bc4 Nd8 43. Ke2 Kc5 44. Bg8 Nc6 45. Bf7 Ne7 46. Kd3 b5 47.
e4 fxe4+ 48. Kxe4 Kd6 49. Kd3 Nd5 50. Ke4 Ne7 51. Kd4 Nf5+ 52. Kd3 Nh4 53. Be8
b4 54. Kc4 Ng2 55. Bxg6 Nxf4 56. Bc2 Ne6 57. g6 Ke7 58. Bb3 Nf4 59. g7 Kf7 60.
Kb5+ Kxg7 61. Bc4 Kf6 62. Kxa5 Ke5 63. Kxb4 Kd6 64. Kb5 Kc7 65. Kc5 Ng6 66. a4
Ne7 67. Be6 Nc6 68. Bd5 Na5 69. Bg2 Nb7+ 70. Kb5 Nd6+ 71. Ka6 Nc4 72. Bf1 Nd6
73. Bg2 Nc4 74. Bf1 Nd6 75. Bd3 Kc6 76. a5 Kc7 77. Bf1 Nb7 78. Kb5 Nxa5 79.
Kxa5 1/2-1/2

[Event "BL 0708 SF Katernberg - SG Turm Trier"]
[Site "?"]
[Date "2008.04.06"]
[Round "13.5"]
[White "Cioara, Andrei Nestor"]
[Black "Senff, Martin"]
[Result "1/2-1/2"]
[WhiteElo "2428"]
[BlackElo "2474"]
[PlyCount "121"]
[EventDate "2008.??.??"]

1. d4 d5 2. c4 e6 3. Nf3 Nf6 4. g3 Be7 5. Bg2 O-O 6. O-O dxc4 7. Qc2 a6 8. a4
Bd7 9. Qxc4 Bc6 10. Bg5 Bd5 11. Qc2 Be4 12. Qd1 c5 13. dxc5 Nbd7 14. Nbd2 Bc6
15. b4 a5 16. b5 Bxf3 17. Bxf3 Nxc5 18. Nc4 h6 19. Bf4 Nd5 20. Bd2 Ra7 21. Rc1
Nb6 22. Nxb6 Qxb6 23. Be3 Qc7 24. Qd4 b6 25. Rfd1 Rd8 26. Qg4 Kh7 27. Bc6 Bd6
28. Kg2 Qe7 29. Rc4 Rc7 30. Rcd4 Rcc8 31. R4d2 f5 32. Qc4 Ne4 33. Rd3 Nc5 34.
Bxc5 bxc5 35. Bf3 Bc7 36. Bc6 Rxd3 37. Rxd3 Rd8 38. Re3 e5 39. Bd5 g6 40. Rb3
Bb6 41. e4 f4 42. Rd3 Kg7 43. h4 fxg3 44. fxg3 Rd6 45. Rf3 Rf6 46. Rxf6 Qxf6
47. Be6 Qd8 48. Qe2 c4 49. Bxc4 Qd4 50. Kh3 Qd7+ 51. Kh2 Qd4 52. Qf1 Qf2+ 53.
Qxf2 Bxf2 54. Kg2 Bb6 55. Kf3 Kf6 56. Kg4 Bc5 57. h5 gxh5+ 58. Kxh5 Be3 59. g4
Kg7 60. Bd5 Kf6 61. Bc6 1/2-1/2

[Event "BL 0708 SF Katernberg - SG Turm Trier"]
[Site "?"]
[Date "2008.04.06"]
[Round "13.6"]
[White "Siebrecht, Sebastian"]
[Black "Ionescu, Doru Alexandru"]
[Result "1/2-1/2"]
[WhiteElo "2481"]
[BlackElo "2377"]
[PlyCount "246"]
[EventDate "2008.??.??"]

1. d4 e6 2. c4 c5 3. d5 Nf6 4. Nc3 exd5 5. cxd5 d6 6. Nf3 g6 7. Nd2 Nbd7 8. e4
Bg7 9. Be2 O-O 10. O-O a6 11. a4 Rb8 12. Nc4 Qe7 13. Bf4 Ne8 14. Qd2 Ne5 15.
Nb6 Nd7 16. Nc4 Ne5 17. Na3 Nc7 18. Bg5 f6 19. Be3 Bd7 20. Bxc5 dxc5 21. d6 Qd8
22. dxc7 Qxc7 23. f4 Nc6 24. Qd5+ Kh8 25. Qxc5 Rfe8 26. Nd5 Qa5 27. Qd6 Bf5 28.
Nc4 Qd8 29. exf5 Rxe2 30. Qxd8+ Rxd8 31. Nc3 Rc2 32. Rad1 Nd4 33. Rf2 Rxc3 34.
bxc3 Nf3+ 35. Rxf3 Rxd1+ 36. Kf2 b5 37. axb5 axb5 38. Ke2 Rc1 39. Na3 Bf8 40.
Nxb5 Rc2+ 41. Kf1 Bc5 42. fxg6 hxg6 43. f5 g5 44. h3 Rc1+ 45. Ke2 Rc2+ 46. Kd3
Rxg2 47. Kc4 Bg1 48. Kd5 Kg7 49. c4 Re2 50. Kc6 Re5 51. Nd6 Rc5+ 52. Kd7 Bh2
53. Rc3 Kh6 54. Rc2 Bf4 55. Rc3 Bh2 56. Ne8 Rxf5 57. c5 Kg6 58. c6 Rd5+ 59. Ke7
f5 60. c7 Bxc7 61. Rc6+ Bd6+ 62. Nxd6 Re5+ 63. Kd7 Re1 64. Ne8+ Kh7 65. Nd6 Kg6
66. Rc8 Rh1 67. Rg8+ Kf6 68. Rf8+ Kg6 69. Nc4 g4 70. Ne5+ Kg5 71. hxg4 fxg4 72.
Rg8+ Kf4 73. Nxg4 Rd1+ 74. Ke6 Re1+ 75. Kd5 Rd1+ 76. Kc4 Rc1+ 77. Kd3 Rd1+ 78.
Ke2 Ra1 79. Nf2 Ra2+ 80. Kf1 Ra1+ 81. Kg2 Ra2 82. Rg4+ Kf5 83. Rd4 Rb2 84. Kf3
Rb3+ 85. Nd3 Ra3 86. Ke3 Ra5 87. Rb4 Ra1 88. Rb5+ Ke6 89. Ke4 Ra4+ 90. Nb4 Kf6
91. Kf4 Ra1 92. Rb6+ Ke7 93. Nd3 Rh1 94. Ke4 Rd1 95. Rh6 Ra1 96. Kd5 Rd1 97.
Ke4 Ra1 98. Nf4 Re1+ 99. Kf5 Rf1 100. Ra6 Kd7 101. Ke4 Re1+ 102. Kd4 Rd1+ 103.
Nd3 Rd2 104. Kc3 Rd1 105. Ne5+ Ke7 106. Kc4 Rc1+ 107. Kd4 Rd1+ 108. Nd3 Rd2
109. Ke4 Re2+ 110. Kf5 Kd7 111. Ne5+ Kc7 112. Ke6 Rc2 113. Rd6 Rc1 114. Rd7+
Kb6 115. Rd8 Rh1 116. Rb8+ Kc5 117. Rc8+ Kb4 118. Nd3+ Kb3 119. Kd5 Rh5+ 120.
Ne5 Rh4 121. Rb8+ Kc2 122. Rc8+ Kb3 123. Rb8+ Kc2 1/2-1/2

[Event "BL 0708 SF Katernberg - SG Turm Trier"]
[Site "?"]
[Date "2008.04.06"]
[Round "13.7"]
[White "Jeitz, Christian"]
[Black "Ris, Robert"]
[Result "0-1"]
[WhiteElo "2183"]
[BlackElo "2381"]
[PlyCount "72"]
[EventDate "2008.??.??"]

1. e4 c5 2. Nf3 g6 3. c4 Qa5 4. Nc3 Bg7 5. d4 Nc6 6. dxc5 Bxc3+ 7. bxc3 Nf6 8.
Qc2 Nxe4 9. Be2 Nxc5 10. O-O d6 11. Nd4 Bd7 12. Bh6 Na4 13. Bf3 Rc8 14. Bxc6
bxc6 15. Rfe1 Kd8 16. Nb3 Qf5 17. Qd2 Re8 18. Rad1 c5 19. Na5 Rb8 20. Qe3 Kc7
21. h3 Rb6 22. Bf4 e5 23. Bh2 h5 24. Rd2 Rb1 25. Nb3 Nxc3 26. Rxd6 Kxd6 27.
Qxc3 f6 28. f4 Rxe1+ 29. Qxe1 e4 30. Qa5 e3 31. Bg3 Bc6 32. Qc3 Qe4 33. Qb2 e2
34. Qxf6+ Kc7 35. Qf7+ Re7 36. f5+ Kb6 0-1

[Event "BL 0708 SF Katernberg - SG Turm Trier"]
[Site "?"]
[Date "2008.04.06"]
[Round "13.8"]
[White "Souleidis, Georgios"]
[Black "Korman, Maxim"]
[Result "1-0"]
[WhiteElo "2421"]
[BlackElo "2113"]
[PlyCount "91"]
[EventDate "2008.??.??"]

1. e4 d5 2. exd5 Qxd5 3. Nc3 Qd6 4. d4 Nf6 5. Nge2 c6 6. Bf4 Qd8 7. Ng3 Be6 8.
Qd2 Nbd7 9. Nce4 Nxe4 10. Nxe4 Bf5 11. Qe3 Bxe4 12. Qxe4 Nf6 13. Qd3 Qa5+ 14.
c3 Qd5 15. c4 Qe4+ 16. Qxe4 Nxe4 17. Bd3 Nf6 18. O-O-O e6 19. Be2 O-O-O 20. Bf3
Bd6 21. Be3 Kb8 22. g4 Rhe8 23. g5 Nd7 24. c5 Bc7 25. h4 e5 26. d5 e4 27. Bg2
cxd5 28. Rxd5 f5 29. Rxf5 Ne5 30. Kc2 Nd3 31. a3 Re7 32. h5 Be5 33. Bxe4 g6 34.
hxg6 hxg6 35. Rf3 Nxb2 36. Bxg6 Nc4 37. Rh7 Re6 38. Be4 Bc7 39. Rxc7 Nxe3+ 40.
fxe3 Kxc7 41. Rf7+ Kb8 42. Rxb7+ Kc8 43. Bf5 Kxb7 44. Bxe6 Rh8 45. g6 Rh2+ 46.
Kd3 1-0

[Event "BL 0708 Bindl-Aktionär - SC Eppingen"]
[Site "?"]
[Date "2008.04.06"]
[Round "13.1"]
[White "Berkes, Ferenc"]
[Black "Laznicka, Viktor"]
[Result "1-0"]
[WhiteElo "2606"]
[BlackElo "2610"]
[PlyCount "89"]
[EventDate "2008.??.??"]

1. d4 Nf6 2. c4 e6 3. Nc3 Bb4 4. f3 d5 5. a3 Bxc3+ 6. bxc3 c6 7. Qc2 O-O 8. e4
dxe4 9. fxe4 e5 10. Nf3 exd4 11. e5 Re8 12. Bd3 dxc3 13. O-O Rxe5 14. Nxe5 Qd4+
15. Kh1 Qxe5 16. Bf4 Qa5 17. Bd6 Be6 18. Rae1 Nbd7 19. Bb4 Qh5 20. Bxc3 b5 21.
cxb5 cxb5 22. Bf5 Bxf5 23. Rxf5 Qh4 24. Rxb5 Rc8 25. Qe2 h5 26. Bxf6 Nxf6 27.
Rb3 a5 28. h3 Rc4 29. Re3 Rf4 30. Qd3 g6 31. Qd8+ Kg7 32. Qxa5 Ng4 33. Qc3+ Kh7
34. Re8 Nf2+ 35. Kg1 Nxh3+ 36. gxh3 Qg5+ 37. Kh1 Qd5+ 38. R1e4 Qd1+ 39. Kh2
Rf2+ 40. Kg3 Qg1+ 41. Kh4 g5+ 42. Kxh5 Rf6 43. Rh8+ Kg7 44. Rh6 Qd1+ 45. Rg4
1-0

[Event "BL 0708 Bindl-Aktionär - SC Eppingen"]
[Site "?"]
[Date "2008.04.06"]
[Round "13.2"]
[White "Baramidze, David"]
[Black "Braun, Arik"]
[Result "1/2-1/2"]
[WhiteElo "2569"]
[BlackElo "2541"]
[PlyCount "39"]
[EventDate "2008.??.??"]

1. e4 e6 2. d4 d5 3. Nc3 Nf6 4. e5 Nfd7 5. f4 c5 6. Nf3 Nc6 7. Be3 a6 8. Qd2 b5
9. dxc5 Bxc5 10. Bxc5 Nxc5 11. Qf2 Qb6 12. Bd3 b4 13. Ne2 a5 14. O-O g6 15.
Rfd1 Rb8 16. Rac1 Ba6 17. Ne1 O-O 18. Bxa6 Nxa6 19. Nd3 Rfc8 20. Qxb6 1/2-1/2

[Event "BL 0708 Bindl-Aktionär - SC Eppingen"]
[Site "?"]
[Date "2008.04.06"]
[Round "13.3"]
[White "Gyimesi, Zoltan"]
[Black "Bindrich, Falko"]
[Result "1-0"]
[WhiteElo "2610"]
[BlackElo "2512"]
[PlyCount "57"]
[EventDate "2008.??.??"]

1. d4 d5 2. c4 c6 3. Nf3 Nf6 4. Nc3 dxc4 5. a4 Bf5 6. Ne5 e6 7. f3 c5 8. e4 Bg6
9. Be3 cxd4 10. Qxd4 Qxd4 11. Bxd4 Nfd7 12. Nxd7 Nxd7 13. Bxc4 a6 14. Rc1 Rc8
15. Ne2 Rg8 16. h4 h6 17. Kf2 Rc6 18. b4 Kd8 19. h5 Bh7 20. b5 axb5 21. Bxb5
Rxc1 22. Rxc1 g5 23. Bxd7 Kxd7 24. Be5 Kd8 25. Rc7 f6 26. Nd4 Bxe4 27. Nxe6+
Ke8 28. fxe4 fxe5 29. Rxb7 1-0

[Event "BL 0708 Bindl-Aktionär - SC Eppingen"]
[Site "?"]
[Date "2008.04.06"]
[Round "13.4"]
[White "Slobodjan, Roman"]
[Black "Balogh, Csaba"]
[Result "1/2-1/2"]
[WhiteElo "2547"]
[BlackElo "2561"]
[PlyCount "77"]
[EventDate "2008.??.??"]

1. e4 c5 2. c3 d5 3. exd5 Qxd5 4. d4 Nf6 5. Nf3 e6 6. Be2 Nc6 7. O-O cxd4 8.
cxd4 Be7 9. Nc3 Qd6 10. Nb5 Qd8 11. Bf4 Nd5 12. Bg3 a6 13. Nc3 O-O 14. Rc1 Nf6
15. a3 b6 16. Bc4 Bb7 17. Ba2 Rc8 18. Qd3 b5 19. Rfd1 Qb6 20. Ng5 Rcd8 21. Ne2
g6 22. Qe3 Nd5 23. Bxd5 exd5 24. Qf4 Rde8 25. Nf3 Qd8 26. Qd2 Bf6 27. Rc5 Re7
28. Nf4 Na5 29. Qc3 Nc4 30. b3 Nb6 31. Nd3 Nc8 32. Nfe5 Nd6 33. f3 Nf5 34. Bf2
Bg5 35. Nb4 Re6 36. Rc7 Re7 37. Rc5 Re6 38. Rc7 Re7 39. Rc5 1/2-1/2

[Event "BL 0708 Bindl-Aktionär - SC Eppingen"]
[Site "?"]
[Date "2008.04.06"]
[Round "13.5"]
[White "Acs, Peter"]
[Black "Bunzmann, Dimitri"]
[Result "1-0"]
[WhiteElo "2548"]
[BlackElo "2518"]
[PlyCount "61"]
[EventDate "2008.??.??"]

1. d4 e6 2. c4 Nf6 3. Nc3 c5 4. e3 g6 5. Nf3 Bg7 6. Be2 O-O 7. O-O d6 8. b3 a6
9. Bb2 Qe7 10. Qc2 b6 11. Rad1 Nbd7 12. dxc5 dxc5 13. Na4 Ra7 14. Ne5 Bb7 15.
Qd3 Ba8 16. Qd6 Qd8 17. Nc6 Bxc6 18. Qxc6 Qb8 19. Bxf6 Rc7 20. Qf3 Nxf6 21. Rd6
Nd7 22. Rfd1 Qa7 23. Qe4 Re8 24. Qd3 Re7 25. f4 e5 26. Nc3 Nf6 27. Rd8+ Bf8 28.
fxe5 Rcd7 29. exf6 Rxd3 30. R1xd3 Re6 31. R3d7 1-0

[Event "BL 0708 Bindl-Aktionär - SC Eppingen"]
[Site "?"]
[Date "2008.04.06"]
[Round "13.6"]
[White "Markos, Jan"]
[Black "Guliyev, Namig"]
[Result "1/2-1/2"]
[WhiteElo "2565"]
[BlackElo "2560"]
[PlyCount "59"]
[EventDate "2008.??.??"]

1. d4 d5 2. c4 dxc4 3. Nf3 Nf6 4. e3 e6 5. Bxc4 a6 6. O-O c5 7. Qe2 Nc6 8. Rd1
cxd4 9. Nc3 Be7 10. exd4 O-O 11. d5 exd5 12. Nxd5 Nxd5 13. Bxd5 Qc7 14. Bg5 Bg4
15. Bxe7 Nxe7 16. Rac1 Nc6 17. h3 Rfe8 18. Qc2 Bxf3 19. Bxf3 Re6 20. Bg4 Re7
21. Qc5 g6 22. g3 Rd8 23. Rxd8+ Qxd8 24. Rd1 Qc7 25. Qg5 Kg7 26. Bf3 Ne5 27.
Bg2 f6 28. Qd2 Rd7 29. Qe2 Rxd1+ 30. Qxd1 1/2-1/2

[Event "BL 0708 Bindl-Aktionär - SC Eppingen"]
[Site "?"]
[Date "2008.04.06"]
[Round "13.7"]
[White "Medvegy, Zoltan"]
[Black "Stohl, Igor Dr"]
[Result "1/2-1/2"]
[WhiteElo "2512"]
[BlackElo "2545"]
[PlyCount "48"]
[EventDate "2008.??.??"]

1. d4 Nf6 2. c4 e6 3. g3 d5 4. Bg2 Be7 5. Nf3 O-O 6. O-O dxc4 7. Qc2 a6 8. Qxc4
b5 9. Qc2 Bb7 10. Bd2 Be4 11. Qc1 Qc8 12. Bg5 Nbd7 13. Nbd2 Bb7 14. Nb3 a5 15.
Bxf6 Bxf6 16. Nc5 Bd5 17. Rd1 Nxc5 18. Qxc5 Qb7 19. Rac1 Rfd8 20. Ne1 Bxg2 21.
Nxg2 Rd5 22. Qxc7 Qxc7 23. Rxc7 Bxd4 24. Ne3 Rdd8 1/2-1/2

[Event "BL 0708 Bindl-Aktionär - SC Eppingen"]
[Site "?"]
[Date "2008.04.06"]
[Round "13.8"]
[White "Schneider, Ilja"]
[Black "Vogt, Lothar"]
[Result "1/2-1/2"]
[WhiteElo "2442"]
[BlackElo "2473"]
[PlyCount "96"]
[EventDate "2008.??.??"]

1. d4 Nf6 2. Bg5 Ne4 3. Bf4 d5 4. e3 e6 5. Bd3 Nf6 6. c4 dxc4 7. Bxc4 Bd6 8.
Ne2 b6 9. Nbc3 Bb7 10. Qa4+ c6 11. Bxd6 Qxd6 12. e4 Qe7 13. e5 Nfd7 14. Ne4 O-O
15. Nd6 b5 16. Qb3 Nb6 17. Bd3 Nc8 18. Ne4 Nd7 19. O-O c5 20. Qxb5 Bxe4 21.
Bxe4 Rb8 22. Qd3 h6 23. Qc3 Ncb6 24. b3 Rbc8 25. Rac1 cxd4 26. Qxd4 Qa3 27. Bb1
Rfd8 28. Rxc8 Rxc8 29. Rd1 g6 30. h4 h5 31. Kh2 Kg7 32. Rd3 Qc5 33. Qxc5 Rxc5
34. f4 Nd5 35. b4 Rc4 36. a3 N7b6 37. Kg3 Kf8 38. Kf3 Rc7 39. g3 Ke7 40. Rd1
Nc4 41. Ba2 Nce3 42. Rd2 Nc4 43. Rd4 Ncb6 44. Bb3 Nc3 45. Rd3 Ncd5 46. Rd4 Nc3
47. Ke3 Nb5 48. Rd2 Nxa3 1/2-1/2

[Event "BL 0708 Erfurter SK - TV Tegernsee"]
[Site "?"]
[Date "2008.04.06"]
[Round "13.1"]
[White "Sokolov, Andrei"]
[Black "Kraemer, Martin"]
[Result "1/2-1/2"]
[WhiteElo "2588"]
[BlackElo "2436"]
[PlyCount "96"]
[EventDate "2008.??.??"]

1. e4 c5 2. Nc3 e6 3. Nf3 a6 4. d4 cxd4 5. Nxd4 Qc7 6. Bd3 Nc6 7. Nxc6 dxc6 8.
O-O Nf6 9. Qe2 e5 10. Nd1 Bg4 11. f3 Be6 12. Bc4 Bxc4 13. Qxc4 b5 14. Qc3 Be7
15. Nf2 O-O 16. Be3 c5 17. a4 c4 18. axb5 axb5 19. b3 Bc5 20. Bxc5 Qxc5 21.
bxc4 h6 22. Rab1 bxc4 23. Qb4 Qc7 24. Qc3 Qc5 25. Qb4 Qc7 26. Rfd1 Rfb8 27. Qc3
Rxb1 28. Rxb1 Qc5 29. Kf1 Nd7 30. Qd2 Nf8 31. Qd5 Qxd5 32. exd5 Ra5 33. Rb4
Rxd5 34. Rxc4 f5 35. Nd3 Ne6 36. Ra4 Kf7 37. Ra7+ Kf6 38. Ra6 g5 39. Ke2 e4 40.
fxe4 fxe4 41. Nb4 Rc5 42. Rc6 Rxc6 43. Nxc6 Nf4+ 44. Ke3 Nxg2+ 45. Kxe4 h5 46.
c4 g4 47. Ne5 Ke6 48. c5 Nh4 1/2-1/2

[Event "BL 0708 Erfurter SK - TV Tegernsee"]
[Site "?"]
[Date "2008.04.06"]
[Round "13.2"]
[White "Votava, Jan"]
[Black "Ribli, Zoltan"]
[Result "1/2-1/2"]
[WhiteElo "2546"]
[BlackElo "2577"]
[PlyCount "98"]
[EventDate "2008.??.??"]

1. e4 c5 2. Nf3 d6 3. d4 cxd4 4. Nxd4 Nf6 5. Nc3 a6 6. Bc4 e6 7. O-O Be7 8. Bb3
b5 9. Qf3 Qb6 10. Be3 Qb7 11. Qg3 b4 12. Na4 Nbd7 13. f3 O-O 14. Rfd1 Ne5 15.
Nb6 Nh5 16. Qh3 Nf4 17. Bxf4 Qxb6 18. Be3 Qc7 19. Rac1 Nc4 20. Bxc4 Qxc4 21. b3
Qc7 22. Qg3 Bb7 23. Ne2 Rfe8 24. c3 Qa5 25. cxb4 Qxa2 26. Nd4 Rac8 27. Ra1 Qb2
28. Nxe6 g6 29. Bd4 Qxb3 30. Ng7 Red8 31. Nf5 Bf8 32. Qg5 Qe6 33. Nh6+ Bxh6 34.
Qxh6 f6 35. Qf4 Kf7 36. Qh6 Kg8 37. Qf4 Kf7 38. Rd2 g5 39. Qg3 h6 40. h3 Rd7
41. Rad1 Re8 42. h4 Bc6 43. Kf2 d5 44. hxg5 dxe4 45. g6+ Kg8 46. Qf4 Rg7 47.
Be3 exf3 48. Rd6 Qb3 49. R1d3 Qc2+ 1/2-1/2

[Event "BL 0708 Erfurter SK - TV Tegernsee"]
[Site "?"]
[Date "2008.04.06"]
[Round "13.3"]
[White "Teske, Henrik"]
[Black "Haba, Petr"]
[Result "1-0"]
[WhiteElo "2518"]
[BlackElo "2525"]
[PlyCount "59"]
[EventDate "2008.??.??"]

1. d4 d5 2. c4 c6 3. cxd5 cxd5 4. Nc3 Nf6 5. Bf4 Nc6 6. e3 Bf5 7. Nf3 e6 8. Bb5
Nd7 9. Qa4 Qb6 10. Nh4 Be4 11. f3 Bd3 12. Nxd5 Bxb5 13. Nxb6 Bxa4 14. Nxa8 Be7
15. Nf5 exf5 16. b3 g5 17. Bg3 f4 18. exf4 gxf4 19. Bxf4 Nb4 20. Nc7+ Kd8 21.
O-O-O Bxb3 22. axb3 a6 23. g4 Rg8 24. Kd2 Rg6 25. Bg3 Bd6 26. Rc1 Nc6 27. Rxc6
bxc6 28. Nxa6 Kc8 29. b4 Kb7 30. Nc5+ 1-0

[Event "BL 0708 Erfurter SK - TV Tegernsee"]
[Site "?"]
[Date "2008.04.06"]
[Round "13.4"]
[White "Kuczynski, Robert"]
[Black "Bromberger, Stefan"]
[Result "1/2-1/2"]
[WhiteElo "2483"]
[BlackElo "2491"]
[PlyCount "84"]
[EventDate "2008.??.??"]

1. e4 e5 2. Nf3 Nc6 3. Bc4 Nf6 4. d3 Bc5 5. c3 d6 6. O-O Bb6 7. Bb3 O-O 8. Nbd2
Ne7 9. Nc4 Be6 10. Nh4 Ng6 11. Nxg6 hxg6 12. Nxb6 Bxb3 13. Qxb3 axb6 14. Bg5
Qd7 15. Bxf6 gxf6 16. f4 Qa4 17. Qd5 Qc6 18. Qxc6 bxc6 19. a3 Kg7 20. Rf3 Rad8
21. Re1 Rfe8 22. Ref1 Re7 23. h4 d5 24. f5 dxe4 25. dxe4 Rd6 26. Kh2 Red7 27.
fxg6 fxg6 28. R1f2 Rd2 29. Rxf6 Rxb2 30. R2f3 Re2 31. Rxc6 Rxe4 32. Kh3 Re1 33.
Rff6 Rd6 34. Rfxd6 cxd6 35. Rxd6 Re3+ 36. Kg4 Rxc3 37. a4 Kh6 38. Rxb6 Rc4+ 39.
Kh3 Rxa4 40. Re6 Re4 41. g4 Re3+ 42. Kg2 Kg7 1/2-1/2

[Event "BL 0708 Erfurter SK - TV Tegernsee"]
[Site "?"]
[Date "2008.04.06"]
[Round "13.5"]
[White "Boensch, Uwe"]
[Black "Machelett, Heiko"]
[Result "1-0"]
[WhiteElo "2530"]
[BlackElo "2430"]
[PlyCount "127"]
[EventDate "2008.??.??"]

1. d4 Nf6 2. c4 e6 3. Nf3 Bb4+ 4. Nbd2 b6 5. e3 Bb7 6. Bd3 Ne4 7. O-O f5 8. Qc2
Nxd2 9. Nxd2 O-O 10. f4 Be7 11. Nf3 Bf6 12. Bd2 a5 13. Rad1 Qe8 14. e4 fxe4 15.
Bxe4 Bxe4 16. Qxe4 Nc6 17. Bc3 Ne7 18. Rfe1 Nf5 19. Ne5 Be7 20. g3 Bb4 21. Qd3
Qe7 22. a3 Bxc3 23. Qxc3 Rae8 24. c5 d6 25. cxd6 cxd6 26. Nf3 Qd7 27. Qd3 d5
28. Rc1 h6 29. Ne5 Qa4 30. Nc6 Rf7 31. Rc3 Rc7 32. Rec1 Nd6 33. Qg6 Nf7 34. Kg2
Kf8 35. Nd8 Rce7 36. Nxf7 Rxf7 37. Rc7 Rxc7 38. Rxc7 Re7 39. Rc8+ Re8 40. Rc7
Re7 41. Rc8+ Re8 42. Qxe6 Qc2+ 43. Rxc2 Rxe6 44. Kf3 Re4 45. Rc6 Rxd4 46. Rxb6
Rd2 47. h4 d4 48. a4 Rd3+ 49. Kf2 Rd2+ 50. Kf3 Rd3+ 51. Ke4 Rxg3 52. Rb5 d3 53.
Rxa5 Rg2 54. Rb5 d2 55. Rd5 Re2+ 56. Kf5 d1=Q 57. Rxd1 Rxb2 58. a5 Ra2 59. Rd5
Ra4 60. h5 Rc4 61. Ke6 Re4+ 62. Re5 Rd4 63. f5 Ke8 64. Rb5 1-0

[Event "BL 0708 Erfurter SK - TV Tegernsee"]
[Site "?"]
[Date "2008.04.06"]
[Round "13.6"]
[White "Mueller, Matthias"]
[Black "Kindermann, Stefan"]
[Result "1/2-1/2"]
[WhiteElo "2405"]
[BlackElo "2528"]
[PlyCount "71"]
[EventDate "2008.??.??"]

1. e4 e6 2. d4 d5 3. Nc3 Nf6 4. e5 Nfd7 5. f4 c5 6. Nf3 Nc6 7. Be3 Be7 8. Be2
O-O 9. O-O f6 10. exf6 Nxf6 11. Kh1 cxd4 12. Nxd4 Bd7 13. a3 Na5 14. Qd2 Rc8
15. Rae1 a6 16. Bg1 Bd6 17. Bd3 Re8 18. Nf3 Nc4 19. Bxc4 Rxc4 20. Bd4 Rc8 21.
Ne5 Rf8 22. Qe3 Bxe5 23. Qxe5 Rf7 24. Rf3 Qf8 25. Ref1 Rc4 26. Qe3 Ng4 27. Qd2
Nh6 28. Nd1 Nf5 29. c3 Nxd4 30. cxd4 Rc8 31. h3 Qd6 32. Ne3 Rff8 33. Ng4 Rc7
34. Rc1 Rxc1+ 35. Qxc1 Rc8 36. Rc3 1/2-1/2

[Event "BL 0708 Erfurter SK - TV Tegernsee"]
[Site "?"]
[Date "2008.04.06"]
[Round "13.7"]
[White "Hertneck, Gerald"]
[Black "Enders, Peter"]
[Result "1/2-1/2"]
[WhiteElo "2508"]
[BlackElo "2441"]
[PlyCount "100"]
[EventDate "2008.??.??"]

1. d4 Nf6 2. c4 g6 3. Nc3 Bg7 4. e4 d6 5. Nf3 O-O 6. Be2 e5 7. O-O Nbd7 8. Qc2
Re8 9. Rd1 exd4 10. Nxd4 Nc5 11. f3 a5 12. Bf1 c6 13. Be3 Qe7 14. Qd2 Nfd7 15.
Re1 Ne5 16. Rad1 Qc7 17. Nc2 Bf8 18. Bd4 Be6 19. Ne3 Rad8 20. Qf2 Bg7 21. Qg3
Bc8 22. Bxc5 dxc5 23. f4 Rxd1 24. Rxd1 Nd7 25. e5 Nxe5 26. fxe5 Bxe5 27. Qh4
Bd4 28. Rxd4 cxd4 29. Qxd4 Qe5 30. Qxe5 Rxe5 31. Kf2 Kg7 32. a3 f5 33. g3 Be6
34. b4 axb4 35. axb4 Kf6 36. Nc2 Bf7 37. Nd4 Re8 38. b5 Ke5 39. Nf3+ Kd6 40.
Na4 Ra8 41. c5+ Ke7 42. Nb6 Ra2+ 43. Ke3 Ra3+ 44. Bd3 cxb5 45. Kd4 b4 46. Ne5
Be6 47. c6 bxc6 48. Nxc6+ Kf6 49. Nxb4 Kg5 50. Be2 Rb3 1/2-1/2

[Event "BL 0708 Erfurter SK - TV Tegernsee"]
[Site "?"]
[Date "2008.04.06"]
[Round "13.8"]
[White "Casper, Thomas"]
[Black "Stangl, Markus"]
[Result "0-1"]
[WhiteElo "2421"]
[BlackElo "2453"]
[PlyCount "77"]
[EventDate "2008.??.??"]

1. e4 c5 2. Nf3 e6 3. d3 Nc6 4. Be2 Nf6 5. O-O d5 6. Nbd2 Be7 7. c3 O-O 8. Re1
b5 9. a3 a5 10. exd5 exd5 11. d4 Qb6 12. Nf1 Be6 13. dxc5 Bxc5 14. Be3 b4 15.
Nd4 Ne4 16. Nxc6 Qxc6 17. cxb4 axb4 18. Qc1 Qb6 19. Bf3 Rac8 20. Bxe4 dxe4 21.
axb4 Qxb4 22. Bxc5 Rxc5 23. Qf4 Qxb2 24. Qxe4 Rc2 25. Ra8 g6 26. Rxf8+ Kxf8 27.
Qf4 Kg7 28. Ne3 Re2 29. Rd1 h6 30. h4 Qf6 31. Qxf6+ Kxf6 32. g3 Ke5 33. Kg2 Ra2
34. Rb1 Bd7 35. Rc1 Ra6 36. Rc5+ Kd6 37. Rc2 Bc6+ 38. f3 Ra1 39. Kf2 {ZUe} 0-1

[Event "BL 0708 Solinger SG - SC Kreuzberg"]
[Site "?"]
[Date "2008.04.19"]
[Round "14.1"]
[White "Sargissian, Gabriel"]
[Black "Nikolic, Predrag"]
[Result "1/2-1/2"]
[WhiteElo "2673"]
[BlackElo "2657"]
[PlyCount "116"]
[EventDate "2008.??.??"]

1. d4 Nf6 2. c4 e6 3. Nf3 b6 4. g3 Bb7 5. Bg2 Bb4+ 6. Bd2 Be7 7. Nc3 O-O 8. O-O
Na6 9. d5 exd5 10. Nd4 c6 11. cxd5 Nxd5 12. Nxd5 cxd5 13. Bc3 Bf6 14. Nb5 Bc6
15. a4 Bxc3 16. Nxc3 Nc7 17. Nxd5 Nxd5 18. Bxd5 Qf6 19. b4 Qe5 20. Bf3 Bxf3 21.
exf3 d5 22. Re1 Qd6 23. Qd4 a5 24. b5 Rac8 25. Rac1 h6 26. Red1 Rfd8 27. Rxc8
Rxc8 28. Qxd5 Qxd5 29. Rxd5 Rc4 30. Rd6 Rxa4 31. Rxb6 Rb4 32. Kg2 g6 33. g4 Kg7
34. h4 a4 35. Ra6 Rxb5 36. Rxa4 h5 37. Ra7 Rc5 38. g5 Rc4 39. Kg3 Rc3 40. Ra6
f5 41. Kf4 Rc5 42. Ra4 Kf7 43. Ke3 Rd5 44. Ra7+ Kf8 45. Rb7 Kg8 46. Rb4 Kf7 47.
Rd4 Re5+ 48. Kd3 Ke7 49. Ra4 Rd5+ 50. Kc4 Rd2 51. Ra6 Kf7 52. Rf6+ Kg7 53. Rb6
Rxf2 54. Rb7+ Kf8 55. Kd5 Rxf3 56. Ke6 Ra3 57. Rb8+ Kg7 58. Rb7+ Kf8 1/2-1/2

[Event "BL 0708 Solinger SG - SC Kreuzberg"]
[Site "?"]
[Date "2008.04.19"]
[Round "14.2"]
[White "Sandipan, Chanda"]
[Black "Socko, Bartosz"]
[Result "1/2-1/2"]
[WhiteElo "2593"]
[BlackElo "2646"]
[PlyCount "62"]
[EventDate "2008.??.??"]

1. e4 e6 2. d4 d5 3. e5 c5 4. c3 Qb6 5. Nf3 Nc6 6. Be2 cxd4 7. cxd4 Nh6 8. Bd3
Nf5 9. Bxf5 exf5 10. Nc3 Be6 11. O-O Be7 12. Ne2 h6 13. h4 O-O-O 14. h5 Kb8 15.
Rb1 g5 16. hxg6 fxg6 17. Ne1 g5 18. f4 Bf7 19. Be3 Bh5 20. Nf3 Bxf3 21. Rxf3 g4
22. Rf1 Na5 23. b3 h5 24. Qd3 Rhf8 25. g3 Qe6 26. Kg2 Rh8 27. Rh1 Rc8 28. Bd2
Nc6 29. b4 Bd8 30. Rbc1 Ne7 31. Rxc8+ Nxc8 1/2-1/2

[Event "BL 0708 Solinger SG - SC Kreuzberg"]
[Site "?"]
[Date "2008.04.19"]
[Round "14.3"]
[White "Luther, Thomas"]
[Black "Naumann, Alexander"]
[Result "1/2-1/2"]
[WhiteElo "2534"]
[BlackElo "2548"]
[PlyCount "30"]
[EventDate "2008.??.??"]

{H-H} 1. e4 e5 2. Nf3 Nc6 3. Bb5 a6 4. Ba4 Nf6 5. O-O b5 6. Bb3 Bc5 7. a4 Rb8
8. c3 O-O 9. d4 Bb6 10. axb5 axb5 11. dxe5 Ng4 12. Qe2 Ngxe5 13. Be3 Bxe3 14.
Qxe3 Nxf3+ 15. Qxf3 b4 1/2-1/2

[Event "BL 0708 Solinger SG - SC Kreuzberg"]
[Site "?"]
[Date "2008.04.19"]
[Round "14.4"]
[White "Werle, Jan"]
[Black "Tischbierek, Raj"]
[Result "1-0"]
[WhiteElo "2568"]
[BlackElo "2487"]
[PlyCount "60"]
[EventDate "2008.??.??"]

1. d4 Nf6 2. c4 e6 3. Nc3 Bb4 4. e3 O-O 5. Bd3 d5 6. a3 Bxc3+ 7. bxc3 c5 8.
cxd5 Qxd5 9. Nf3 b6 10. c4 Qh5 11. g4 Qxg4 12. Rg1 Qh5 13. Rg5 Qh3 14. Rg3 Qh5
15. Rg5 Qh3 16. Bb2 Nbd7 17. d5 exd5 18. Bf5 Qh6 19. cxd5 g6 20. Qd3 Ne8 21.
O-O-O Ng7 22. Qc3 c4 23. Bxd7 Bxd7 24. Qf6 c3 25. Bxc3 Rfc8 26. Kb2 Rxc3 27.
Qxc3 Qh3 28. Ne5 Bf5 29. Nc6 Qh4 30. Ne7+ Kf8 1-0